000 00259nam a2200109Ia 4500
999 _c8582
_d8582
020 _a978-93-325-5530-3
100 _aF. S. Hill , JR
245 0 _aComputer Graphics Using Open GL
260 _aNew Jersey
_bWorld Scientific
_c2001
300 _a637
942 _cBK